The Vienna development method : the Meta-language /
Guardado en:
| Otros Autores: | , |
|---|---|
| Formato: | Libro |
| Idioma: | English |
| Publicado: |
Berlin ; New York :
Springer-Verlag, ,
1978.
|
| Series: | Lecture notes in computer science ;
61 |
| Materias: | |
| Etiquetas: |
Agregar Etiqueta
Sin Etiquetas, Sea el primero en etiquetar este registro!
|
| LEADER | 00812cam a2200241 a 4500 | ||
|---|---|---|---|
| 001 | MAT.inmabb005925 | ||
| 008 | 780406s1978####wb#######b####000#0#eng## | ||
| 005 | 20170518173116.0 | ||
| 245 | 0 | 4 | |a The Vienna development method : |b the Meta-language / |c edited by D. Bjørner and C. B. Jones. |
| 260 | |a Berlin ; |a New York : |b Springer-Verlag, , |c 1978. | ||
| 300 | |a xv, 382 p. ; |c 25 cm. | ||
| 440 | 0 | |a Lecture notes in computer science ; |v 61 | |
| 504 | |a Bibliografía: p. [375]-382. | ||
| 510 | 4 | |a MR, |c *REVIEW #* | |
| 020 | |a 0387087666 | ||
| 700 | 1 | |a Bjørner, D. |q (Dines), |d 1937- | |
| 700 | 1 | |a Jones, C. B. |q (Cliff B.), |d 1944- | |
| 740 | |a Meta-language. | ||
| 650 | 0 | |a ML (Computer program language) | |
| 084 | |a 68 |2 MR | ||
| 010 | |a 78007232 | ||
| 040 | |a DLC |c DLC |d DLC | ||
| 859 | |h 68 |i V662 |p A-4976 |b BIB. MATEMATICA | ||
